LEADER 05503nam 22007334a 450 001 9910451088103321 005 20200520144314.0 010 $a1-281-92473-3 010 $a9786611924737 010 $a981-277-341-X 035 $a(CKB)1000000000404809 035 $a(EBL)1679760 035 $a(OCoLC)879024056 035 $a(SSID)ssj0000132903 035 $a(PQKBManifestationID)11142463 035 $a(PQKBTitleCode)TC0000132903 035 $a(PQKBWorkID)10039546 035 $a(PQKB)11251166 035 $a(MiAaPQ)EBC1679760 035 $a(WSP)00006129 035 $a(Au-PeEL)EBL1679760 035 $a(CaPaEBR)ebr10201336 035 $a(CaONFJC)MIL192473 035 $a(EXLCZ)991000000000404809 100 $a20060512d2006 uy 0 101 0 $aeng 135 $aur|n|---||||| 181 $ctxt 182 $cc 183 $acr 200 00$aCross-border banking$b[electronic resource] $eregulatory challenges /$feditors, Gerard Caprio, Jr., Douglas D. Evanoff, George G. Kaufman 210 $aSingapore ;$aHackensack, NJ $cWorld Scientific$dc2006 215 $a1 online resource (491 p.) 225 1 $aWorld Scientific Studies in International Economics ;$vv.1 225 0$aWorld Scientific studies in international economics,$x1793-3641 ;$vv. 1 300 $aDescription based upon print version of record. 311 $a981-256-829-8 320 $aIncludes bibliographical references and index. 327 $aContents ; Acknowledgements ; Preface ; SPECIAL ADDRESSES ; Cross-Border Banking: Forces Driving Change and Resulting Regulatory Challenges ; Cross-Border Banking and the Challenges Faced by Host Country Authorities ; Remarks on Cross Border Banking: Regulatory Challenges 327 $aRegulatory Challenges: The Road Ahead Comments on Cross-Border Banking: Regulatory Challenges ; SURVEY OF THE CURRENT LANDSCAPE ; European Banking Integration and the Societas Europaea: From Host-Country to Home-Country Control ; Risks in U.S. Bank International Exposures 327 $aCross-Border Banking in Asia: Basel II and Other Prudential Issues Discussion of the Session ""Survey of the Current Landscape"" ; COMPETITIVE IMPLICATIONS ; Why is Foreign Bank Penetration So Low in Developed Nations? ; Competitive Implications of Cross-Border Banking 327 $aBank Concentration and Credit Volatility Cross-Border Banking - Regulatory Challenges: Comments ; PRUDENTIAL REGULATION ISSUES ; Home and Host Supervisors' Relations from a Host Supervisor's Perspective ; Basel II Home Host Issues ; Basel II and Home versus Host Regulation 327 $aComments on Jackson Bielicki and Bednarski and Majnoni and Powell MARKET DISCIPLINE ISSUES ; Confronting Divergent Interests in Cross-Country Regulatory Arrangements ; Market Discipline Issues and Cross-Border Banking: A Nordic Perspective 327 $aCross-Border Banking Market Discipline and the Ability to Stand Alone 330 $a Cross-border banking, while having the potential for a more efficient financial sector, also creates potential challenges for bank supervisors and regulators. It requires cooperation by regulatory authorities across jurisdictions and a clear delineation of authority and responsibility. That delineation is typically not present and regulatory authorities often have significantly different incentives to respond when cross-border-active banks encounter difficulties. Most of these issues have only begun to be seriously evaluated. This volume, one of the first attempts to address these issues, br 410 0$aWorld Scientific Studies in International Economics 606 $aBanks and banking, International 606 $aBanks and banking, International$xLaw and legislation 606 $aInternational business enterprises$xFinance 608 $aElectronic books. 615 0$aBanks and banking, International. 615 0$aBanks and banking, International$xLaw and legislation. 615 0$aInternational business enterprises$xFinance. 676 $a332.1/5 701 $aCaprio$b Gerard$0252245 701 $aEvanoff$b Douglas Darrell$f1951-$0859749 701 $aKaufman$b George G$0148268 801 0$bMiAaPQ 801 1$bMiAaPQ 801 2$bMiAaPQ 906 $aBOOK 912 $a9910451088103321 996 $aCross-border banking$92291035 997 $aUNINA LEADER 05009nam 2201117 450 001 9910814244403321 005 20230803203707.0 010 $a0-520-95822-5 024 7 $a10.1525/9780520958227 035 $a(CKB)3710000000186158 035 $a(EBL)1711003 035 $a(SSID)ssj0001267784 035 $a(PQKBManifestationID)11680667 035 $a(PQKBTitleCode)TC0001267784 035 $a(PQKBWorkID)11264647 035 $a(PQKB)11215965 035 $a(MiAaPQ)EBC1711003 035 $a(OCoLC)884013695 035 $a(MdBmJHUP)muse37628 035 $a(DE-B1597)519191 035 $a(OCoLC)898157339 035 $a(DE-B1597)9780520958227 035 $a(Au-PeEL)EBL1711003 035 $a(CaPaEBR)ebr10894663 035 $a(CaONFJC)MIL627643 035 $a(EXLCZ)993710000000186158 100 $a20140722h20142014 uy 0 101 0 $aeng 135 $aur|nu---|u||u 181 $ctxt 182 $cc 183 $acr 200 00$aProfane $esacrilegious expression in a multicultural age /$fedited by Christopher S. Grenda, Chris Beneke, David Nash ; foreword by Martin E. Marty 210 1$aOakland, California :$cUniversity of California Press,$d2014. 210 4$dİ2014 215 $a1 online resource (365 p.) 300 $aIncludes index. 311 $a0-520-27722-8 320 $aIncludes bibliographical references and index. 327 $tFront matter --$tContents --$tIllustrations --$tForeword --$tIntroduction: On the Modern Confluence of Blasphemy, Free Expression, and Hate Speech --$t1. Thick-Skinned Tolerance: Satire, the Sacred, and the Rise of the Modern --$t2. The Productive Obscene: Philip Roth and the Profanity Loop --$t3. Defaced: The Art of Blaspheming Texts and Images in the West --$t4. Blasphemy and Free Thought in Jacksonian America: The Case of Abner Kneeland --$t5. Secular Blasphemies: Symbolic Offense in Modern Democracy --$t6. Muslim Political Theology: Defamation, Apostasy, and Anathema --$t7. Protesting Sacrilege: Blasphemy and Violence in Muslim-Majority States --$t8. The Indonesian Blasphemy Act: A Legal and Social Analysis --$t9. Profound Offense and Religion in Secular Democracies: An Australian Perspective --$t10. Blasphemy versus Incitement: An International Law Perspective --$tAfterword: Blasphemy beyond Modernism --$tContributors --$tIndex 330 $aHumans have been uttering profane words and incurring the consequences for millennia. But contemporary events-from the violence in 2006 that followed Danish newspaper cartoons depicting the Prophet Mohammed to the 2012 furor over the Innocence of Muslims video-indicate that controversy concerning blasphemy has reemerged in explosive transnational form. In an age when electronic media transmit offense as rapidly as profane images and texts can be produced, blasphemy is bracingly relevant again. In this volume, a distinguished cast of international scholars examines the profound difficulties blasphemy raises for modern societies. Contributors examine how the sacred is formed and maintained, how sacrilegious expression is conceived and regulated, and how the resulting conflicts resist easy adjudication. Their studies range across art, history, politics, law, literature, and theology. Because of the global nature of the problem, the volume's approach is comparative, examining blasphemy across cultural and geopolitical boundaries. 606 $aBlasphemy 606 $aSwearing 610 $aapostasy. 610 $aart. 610 $ablasphemy. 610 $acultural studies. 610 $adanish newspaper cartoons. 610 $adefamation. 610 $adigital media. 610 $aelectronic media. 610 $ageopolitical studies. 610 $ahistory. 610 $ahuman rights. 610 $ainterdisciplinary. 610 $ainternational law. 610 $aislam. 610 $ajacksonian america. 610 $alaw. 610 $aliterature. 610 $amuslim. 610 $aphilip roth. 610 $apolitical history. 610 $apolitical theology. 610 $apolitics. 610 $apornography. 610 $aprofane images. 610 $aprofane texts. 610 $aprofanity. 610 $aprophet mohammed. 610 $areligion. 610 $asacred texts. 610 $asacred. 610 $asacrilege. 610 $asacrilegious expression. 610 $asatire. 610 $asecular democracies. 610 $asociology. 610 $atheology. 610 $atransnational. 610 $aviolence. 615 0$aBlasphemy. 615 0$aSwearing. 676 $a179/.5 686 $aPOL010000$aSOC039000$2bisacsh 702 $aGrenda$b Christopher S. 702 $aBeneke$b Chris 702 $aNash$b David 702 $aMarty$b Martin E. 801 0$bMiAaPQ 801 1$bMiAaPQ 801 2$bMiAaPQ 906 $aBOOK 912 $a9910814244403321 996 $aProfane$94126913 997 $aUNINA